| 000 | 01589cad a22002295a 4500 | ||
|---|---|---|---|
| 001 | E149443 | ||
| 008 | 100308s2010 xxk f s000 0 eng d | ||
| 035 | _a(Sirsi) u149443 | ||
| 041 | 0 | _aeng | |
| 050 | 0 | 4 | _a306.1 $2 18 |
| 245 | 0 | 0 |
_aConsultation paper on a proposed Housing Bill _bthe private rented sector, licensing of mobile home sites and the twenty year rules _h[electronic resource] |
| 260 |
_aEdinburgh _bScottish Government _c2010 |
||
| 505 | 2 | _aIntroduction -- Part 1, landlord registration -- Part 2, licensing of houses in multiple occupation -- Part 3, overcrowding -- Part 4, tenancy regime -- Part 5, licensing of mobile home sites -- Part 6, facilitating private investment in housing, the twenty year rules -- Annexes | |
| 520 | _aA consultation on various proposals put forward by the Scottish Private Rented Sector Strategy Group, for possible inclusion in a Private Housing Bill. Covers improvements to the system for registration of landlords, enforcement of licensing of HMOs, overcrowding, changes to the tenancy regime; modernising the system for licensing of mobile home sites, and changes to the two 20 year rules that currently limit the length of residential leases. Deadline for comments is 19 April 2010. | ||
| 521 | _aAdvanced | ||
| 590 | _aKA | ||
| 650 | 2 | 4 | _aHOUSING SCOTLAND BILL |
| 651 | 4 |
_aScotland _y1999- |
|
| 690 | _aPROPERTY-RESIDENTIAL PROPERTY-DOMESTIC RESIDENTIAL PROPERTY-HOUSING | ||
| 856 | 4 | 0 |
_uhttps://www.scotland.gov.uk/Publications/2010/03/04140613/0 _zView the consultation free of charge at www.scotland.gov.uk... |
| 942 | _n0 | ||
| 999 |
_c110498 _d110498 |
||